00607nam a2200193 a 4500008004100000050001700041100002200058245009200080250001200172260003200184300001300216350000900229500007900238650002600317650001300343700002200356700001600378700001900394120208c20089999||||||||||||||||| || u aCD/HA 29 Ess aBowerman, Bruce L10aEssentials of business statistics.-- 2nd ed.cBrue L. Bowerman...[and others]h[cd-rom] a2nd ed. aNew YorkbMcGraw-Hillc2008 a4 3/4 in a0.00 aThis CD-ROM is accompanied with a textbook available inĀ  main collection. 0aCOMMERCIAL STATISTICS 0aBUSINESS aRobert, O'connell aOrris, J. B aPorter, Dawn C